000 00452nam a2200157 i 4500
001 32859
003 ES-MaACL
005 20230906154641.0
007 t|
008 030131s1959 sp ||||1| spa d
100 1 _aBermejo Zuazua, Antonio.
_928121
245 1 0 _aCosechadoras... /
_cpor Antonio Bermejo Zuazua.
260 _a[Madrid] :
_bDossat,
_c1959 (
_fUguina)
300 _a96 p., 2 lám. :
_bil. ;
_c23 cm.
852 _aES-MaACL
_jC-16948
_bR.44990
999 _c32859
_d32859